[Event "Stay Safe Play From Home 151"]
[Site "T#646137Emanuel Laske"]
[Date "2020.05.17"]
[Round "7"]
[White "Haxhi Baha"]
[Black "Little champs"]
[Result "0-1"]
[WhiteElo "1928"]
[BlackElo "2161"]
[Annotator "TA"]
[PlyCount "100"]
[EventDate "2020.05.17"]
[EventType "swiss (blitz)"]

{[%evp 9,100,8,8,1,0,-23,0,-14,-12,-2,4,0,37,43,41,46,60,18,27,19,31,12,30,24,28,0,0,0,11,-25,-2,-15,31,-14,50,45,163,38,135,0,138,147,233,55,55,55,55,55,82,55,61,47,760,730,989,981,1497,465,600,593,579,241,236,229,213,222,459,460,446,423,456,450,703,483,463,-480,-418,-747,-726,-737,-750,-702,-662,-29976,-29977,-29977,-29978,-29978,-29979,-29980,-29981,-29981,-29978]} 1. e4 c6 2. Nc3 d5 3. Nf3 dxe4 4. Nxe4 Nf6 5. Nc3 Bf5 6. Bc4 {B11: Caro-Kann: Two Knights Variation.} e6 7. d3 Bc5 {[#]} 8. h3 $146 {The position is equal.} ({Predecessor:} 8. O-O Nbd7 9. Bg5 Qc7 10. d4 Bd6 11. g3 h6 12. Bxf6 Nxf6 13. Qe2 O-O 14. b3 {0-1 (38) Kamakawa,D (1800)-Mascarello,L (1287) Maringa 2019}) 8... O-O 9. O-O Bg6 10. Bg5 Qb6 11. Na4 Qa5 $1 {[%cal Ra5a4]} 12. Nxc5 Qxc5 13. Bxf6 gxf6 14. Re1 b5 15. Bb3 Nd7 16. Qd2 a5 17. a3 a4 18. Ba2 Rfd8 19. Qh6 Qf8 20. Qh4 Qg7 21. Re3 Nc5 ({Black should try} 21... c5 $11) 22. Rae1 $14 e5 (22... Kh8 $14) 23. Qb4 (23. d4 $18) 23... Na6 (23... Ne6 $14) 24. Qh4 (24. Qe7 $16) 24... c5 (24... Nc5 $11) 25. Nh2 $16 Rd6 (25... Nc7 $16 {might work better.}) 26. Ng4 $2 (26. f4 $18) 26... h5 $1 $14 {[%cal Rh5g4]} 27. Nh2 $1 Rd4 28. Qg3 Rad8 29. Nf3 $36 {[%mdl 2048] White has good play.} Rf4 30. Nh4 b4 $2 {[%mdl 8192]} (30... Bh7 $14) 31. Nxg6 $18 b3 32. Nxf4 exf4 33. Qxg7+ Kxg7 34. Re4 bxa2 35. Rxf4 {[%mdl 4096] Endgame KRR-KRN} (35. Rxa4 $142 Rb8 36. b3 (36. Rxa6 $2 Rxb2 37. Kh2 Rb1 $19)) 35... Rb8 36. Ra1 Rxb2 {[#] Hoping for ...Rb1+.} 37. Kh2 Rxc2 $2 (37... Nb4 {was worth a try.}) 38. Rxa4 Nc7 39. Rc4 Rb2 40. a4 Nd5 (40... Rxf2 $142 41. a5 Na6) 41. a5 Nb4 42. Rxb4 $4 {[%mdl 8192]} (42. Rxc5 $18 {and all is fine. And now Rb5 would win.} Rb1 43. Rc1 (43. Rxa2 Nxa2 44. a6 Rb8 $11)) 42... cxb4 {KR-KR} 43. a6 {a7 is the strong threat.} b3 {Strongly threatening ...Rb1.} 44. a7 Rb1 45. a8=Q Rxa1 46. Qf3 {[#]} Rh1+ $1 {[%mdl 576] Decoy, Promotion. Black mates.} 47. Kxh1 a1=Q+ 48. Kh2 Qe5+ 49. g3 b2 50. Qb7 Qc3 {Black used his chance. Accuracy: White = 59%, Black = 53%.} 0-1

[Event "Stay Safe Play From Home 151"]
[Site "T#646137Emanuel Laske"]
[Date "2020.05.17"]
[Round "7"]
[White "Lucknow"]
[Black "MartinKestler"]
[Result "1-0"]
[WhiteElo "1799"]
[BlackElo "1925"]
[Annotator "TA"]
[PlyCount "103"]
[EventDate "2020.05.17"]
[EventType "swiss (blitz)"]

{[%evp 22,103,13,14,16,12,12,0,6,0,3,7,549,5,7,0,0,0,0,-8,0,0,84,0,6,0,139,140,222,162,186,142,202,119,166,106,108,108,2005,0,0,0,338,337,334,321,587,142,1000,952,901,383,1180,1153,5293,5293,29978,29979,29981,29982,29984,29985,29982,29981,29987,29983,29988,29987,29988,29988,29988,-29976,29989,-29979,-29979,-29981,-29982,-29981,-29981,-29984,-29985,-29985,-29979,-29949]} 1. d4 e6 2. c4 d5 3. Nf3 Nf6 4. e3 Be7 5. Nc3 O-O 6. Bd3 b6 7. O-O Bb7 8. Qe2 Nbd7 9. e4 dxe4 10. Nxe4 Nxe4 11. Bxe4 Bxe4 12. Qxe4 Nf6 {E14: Queen's Indian: Classical Variation (4 e3).} 13. Qe2 c5 14. dxc5 Bxc5 {The position is equal.} 15. Bg5 Be7 16. Rad1 {[#]} h6 $146 {[%mdl 8192]} (16... Qc7 $11) ({Predecessor:} 16... Qc7 17. Nd4 Rac8 18. b3 a6 19. Rd3 h6 20. Bh4 Rfd8 21. Rfd1 Kf8 22. Bg3 Qb7 {1-0 (51) Schweber,S-Garello,O Chacabuco 1968}) 17. b3 $2 (17. Bxf6 $18 Qe8 18. Bxe7 Qxe7 19. Ne5) 17... Qc7 $11 18. Bh4 Rfd8 19. Bg3 Qb7 20. Ne5 Rxd1 21. Rxd1 Rd8 (21... a5 $11 {keeps the balance.}) 22. Rd3 ({White should play} 22. Rxd8+ $16 Bxd8 23. Qf3 Qxf3 24. gxf3) 22... Rxd3 23. Qxd3 Qc7 {[#]} (23... Nh5 $11 {remains equal.}) 24. Nxf7 $1 $16 {[%mdl 512]} Qb7 (24... Qc5 $16 {is a better defense.}) (24... Kxf7 25. Bxc7) 25. Ne5 Bc5 26. h3 a5 (26... Qe4 $16) 27. a4 ({Better is} 27. Bh4 $18) 27... Nh5 28. Ng4 (28. Bh2 $18) 28... Nxg3 29. Qxg3 Qe4 $2 {[%mdl 8192]} (29... Kh8 $16) 30. Ne3 $2 (30. Nf6+ $18 Kf8 31. Nxe4) 30... Qb1+ $11 31. Kh2 Bxe3 $2 {[%mdl 8192]} (31... Qxb3 $11 {and Black stays safe.} 32. Qg6 Qxa4) 32. Qxe3 {[%mdl 4160] [#] Endgame Double Attack. KQ-KQ} Qf5 33. g3 ({Don't take} 33. Qxb6 Qe4 $18) 33... Qc5 $2 (33... h5 34. h4 Qc5 35. Qxe6+ Kh7) 34. Kg2 $2 (34. Qxc5 $18 {and the rest is easy.} bxc5 35. Kg2) 34... Qxe3 $4 {[%mdl 8192]} (34... Qd6 $16 35. h4 Kf7) 35. fxe3 $16 {KP-KP} Kf7 36. Kf3 Kf6 $2 (36... h5 37. Ke4 Ke7) 37. Ke4 $18 e5 38. Kd5 Kf5 39. e4+ Kf6 40. Kc6 Ke6 41. Kxb6 Kd6 42. Kxa5 Kc7 43. b4 {[%cal Bb3b4,Bb4b5][%mdl 32]} Kb8 44. b5 g5 45. Kb4 g4 46. c5 $4 {[%mdl 8192]} (46. h4 {and all is fine.} Kc8 47. a5 Kc7 48. c5 Kd8 49. c6 Kc7 50. a6 Kb6 51. h5) 46... h5 $4 {[%mdl 8192]} (46... gxh3 47. Kc4 h2 48. Kd5 h1=Q 49. Kxe5 Qa1+ 50. Kd5 Qxa4 51. e5 Qxb5 52. Kd4 Qd7+ 53. Ke4 Qg4+ 54. Kd5 Kc7 55. c6 h5 56. e6 Qxg3 57. Ke4 Kxc6 58. e7 Qe1+ 59. Kf3 Qxe7 60. Kf4 h4 61. Kf3 h3 62. Kf2 h2 63. Kg2 Qe2+ 64. Kh1 Qh5 65. Kg2 h1=Q+ 66. Kg3 Q5h4#) 47. c6 $4 {[%mdl 8192]} (47. hxg4 h4 48. gxh4 Kc7 49. b6+ Kd8 50. g5 Ke8 51. b7 Kf8 52. b8=Q+ Kg7 53. c6) 47... gxh3 {Black mates.} 48. b6 h2 49. c7+ Kb7 50. Kb5 h1=Q 51. a5 Qg1 52. a6+ {[%mdl 32768] What a bad dream for White. Accuracy: White = 58%, Black = 36%. . Loss on time!?} 1-0

[Event "Stay Safe Play From Home 151"]
[Site "T#646137Emanuel Laske"]
[Date "2020.05.17"]
[Round "7"]
[White "Edmatuag"]
[Black "Trotsky"]
[Result "1-0"]
[WhiteElo "1616"]
[BlackElo "1598"]
[Annotator "NA RC"]
[PlyCount "69"]
[EventDate "2020.05.17"]
[EventType "swiss (blitz)"]

1. e4 {[%emt 0:00:02]} c5 {[%emt 0:00:01]} 2. f3 {[%emt 0:00:01]} e6 {[%emt 0:00:00]} 3. d3 {[%emt 0:00:01]} d5 {[%emt 0:00:01]} 4. Be3 {[%emt 0:00:01]} Nc6 {[%emt 0:00:01]} 5. Ne2 {[%emt 0:00:01]} d4 {[%emt 0:00:00]} 6. Bf2 {[%emt 0:00:01]} Qc7 {[%emt 0:00:00]} 7. g4 {[%emt 0:00:01]} Bd6 {[%emt 0:00:01]} 8. Bg2 {[%emt 0:00:02]} Nf6 {[%emt 0:00:01]} 9. h3 {[%emt 0:00:01]} Bd7 {[%emt 0:00:01]} 10. O-O {[%emt 0:00:02]} O-O-O {[%emt 0:00:01]} 11. Qd2 {[%emt 0:00:02]} h5 {[%emt 0:00:01]} 12. f4 {[%emt 0:00:03]} g5 {[%emt 0:00:04]} 13. e5 {[%emt 0:00:01]} Nxe5 {[%emt 0:00:01]} 14. fxe5 {[%emt 0:00:01]} Bxe5 {[%emt 0:00:01]} 15. Qxg5 {[%emt 0:00:02]} Rdg8 {[%emt 0:00:06]} 16. Qd2 {[%emt 0:00:05]} Nxg4 {[%emt 0:00:01]} 17. hxg4 {[%emt 0:00:02]} hxg4 {[%emt 0:00:01]} 18. Bg3 {[%emt 0:00:03]} Bc6 {[%emt 0:00:04]} 19. Bxe5 {[%emt 0:00:03]} Qxe5 {[%emt 0:00:03]} 20. Qf4 {[%emt 0:00:00]} Qh5 {[%emt 0:00:02]} 21. Kf2 {[%emt 0:00:02]} Bxg2 {[%emt 0:00:04]} 22. Rg1 {[%emt 0:00:05]} Qf5 {[%emt 0:00:01]} 23. Qxf5 {[%emt 0:00:01]} exf5 {[%emt 0:00:02]} 24. Rxg2 {[%emt 0:00:00]} Rh4 {[%emt 0:00:04]} 25. Nf4 {[%emt 0:00:00]} g3+ {[%emt 0:00:02]} 26. Kf3 {[%emt 0:00:01]} Rh2 {[%emt 0:00:03]} 27. Nd2 {[%emt 0:00:02]} Rgh8 {[%emt 0:00:02]} 28. Rag1 {[%emt 0:00:02]} Rh1 {[%emt 0:00:02]} 29. Rxh1 {[%emt 0:00:02]} Rxh1 {[%emt 0:00:01]} 30. Nc4 {[%emt 0:00:00]} Rf1+ {[%emt 0:00:02]} 31. Kxg3 {[%emt 0:00:01]} Kd7 {[%emt 0:00:03]} 32. Ne5+ {[%emt 0:00:01]} Kd6 {[%emt 0:00:01]} 33. Nxf7+ {[%emt 0:00:01]} Ke7 {[%emt 0:00:02]} 34. Ng5 {[%emt 0:00:00]} Re1 {[%emt 0:00:03]} 35. Nf3 {[%emt 0:00:00] Âðåìÿ .} 1-0

[Event "Stay Safe Play From Home 151"]
[Site "T#646137Emanuel Laske"]
[Date "2020.05.17"]
[Round "7"]
[White "Parth11"]
[Black "SoulofWolf"]
[Result "0-1"]
[WhiteElo "1372"]
[BlackElo "2112"]
[Annotator "NA"]
[PlyCount "70"]
[EventDate "2020.05.17"]
[EventType "swiss (blitz)"]

1. e3 {[%emt 0:00:04]} d5 {[%emt 0:00:00]} 2. d3 {[%emt 0:00:00]} Nf6 {[%emt 0:00:01]} 3. Bd2 {[%emt 0:00:00]} e5 {[%emt 0:00:00]} 4. c3 {[%emt 0:00:00]} Nbd7 {[%emt 0:00:00]} 5. d4 {[%emt 0:00:00]} Bd6 {[%emt 0:00:00]} 6. dxe5 {[%emt 0:00:01]} Bxe5 {[%emt 0:00:01]} 7. Bd3 {[%emt 0:00:02]} c5 {[%emt 0:00:02]} 8. Ne2 {[%emt 0:00:00]} c4 {[%emt 0:00:01]} 9. Bc2 {[%emt 0:00:01]} Nc5 {[%emt 0:00:01]} 10. Na3 {[%emt 0:00:00]} Bg4 {[%emt 0:00:04]} 11. f3 {[%emt 0:00:01]} Bh5 {[%emt 0:00:01]} 12. Nd4 {[%emt 0:00:01]} Qd7 {[%emt 0:00:02]} 13. O-O {[%emt 0:00:02]} Bg6 {[%emt 0:00:02]} 14. Bxg6 {[%emt 0:00:04]} hxg6 {[%emt 0:00:00]} 15. Nab5 {[%emt 0:00:01]} Bxh2+ {[%emt 0:00:03]} 16. Kf2 {[%emt 0:00:03]} a6 {[%emt 0:00:01]} 17. Ke2 {[%emt 0:00:00]} axb5 {[%emt 0:00:01]} 18. Bc1 {[%emt 0:00:02]} Nd3 {[%emt 0:00:05]} 19. b3 {[%emt 0:00:00]} O-O-O {[%emt 0:00:02]} 20. bxc4 {[%emt 0:00:02]} dxc4 {[%emt 0:00:00]} 21. Ba3 {[%emt 0:00:01]} Rde8 {[%emt 0:00:01]} 22. Bc5 {[%emt 0:00:01]} Rh5 {[%emt 0:00:03]} 23. a4 {[%emt 0:00:01]} Rxc5 {[%emt 0:00:01]} 24. axb5 {[%emt 0:00:01]} Rce5 {[%emt 0:00:02]} 25. e4 {[%emt 0:00:04]} Nxe4 {[%emt 0:00:02]} 26. Ra8+ {[%emt 0:00:03]} Kc7 {[%emt 0:00:01]} 27. Rxe8 {[%emt 0:00:02]} Qxe8 {[%emt 0:00:02]} 28. fxe4 {[%emt 0:00:00]} Rxe4+ {[%emt 0:00:01]} 29. Kd2 {[%emt 0:00:00]} Bf4+ {[%emt 0:00:03]} 30. Kc2 {[%emt 0:00:01]} g5 {[%emt 0:00:00]} 31. Qf3 {[%emt 0:00:03]} Ne1+ {[%emt 0:00:04]} 32. Kb2 {[%emt 0:00:07]} Nxf3 {[%emt 0:00:01]} 33. Nxf3 {[%emt 0:00:03]} Re2+ {[%emt 0:00:01]} 34. Ka3 {[%emt 0:00:02]} Qxb5 {[%emt 0:00:00]} 35. Rb1 {[%emt 0:00:03]} Qa5# {[%emt 0:00:01] (Lag: Av=0.55s, max=3.1s)} 0-1

[Event "Stay Safe Play From Home 151"]
[Site "T#646137Emanuel Laske"]
[Date "2020.05.17"]
[Round "7"]
[White "Mandy"]
[Black "Chase the sun"]
[Result "0-1"]
[WhiteElo "944"]
[BlackElo "1873"]
[Annotator "NA RC"]
[PlyCount "28"]
[EventDate "2020.05.17"]
[EventType "swiss (blitz)"]

1. d4 {[%emt 0:00:02]} e6 {[%emt 0:00:01]} 2. Bf4 {[%emt 0:00:01]} f5 {[%emt 0:00:01]} 3. e3 {[%emt 0:00:00]} Nf6 {[%emt 0:00:00]} 4. Nf3 {[%emt 0:00:01]} Be7 {[%emt 0:00:00]} 5. h3 {[%emt 0:00:01]} O-O {[%emt 0:00:00]} 6. Bd3 {[%emt 0:00:02]} d6 {[%emt 0:00:00]} 7. c3 {[%emt 0:00:01]} Qe8 {[%emt 0:00:01]} 8. Nbd2 {[%emt 0:00:02]} Nc6 {[%emt 0:00:02]} 9. Qc2 {[%emt 0:00:02]} Bd8 {[%emt 0:00:01]} 10. e4 {[%emt 0:00:01]} e5 {[%emt 0:00:01]} 11. Bg3 {[%emt 0:00:03]} f4 {[%emt 0:00:01]} 12. Bh2 {[%emt 0:00:04]} Qg6 {[%emt 0:00:01]} 13. O-O {[%emt 0:00:04]} Bxh3 {[%emt 0:00:02]} 14. Rfe1 {[%emt 0:00:13]} Qxg2# {[%emt 0:00:02] (Lag: Av=0.44s, max=1.0s)} 0-1

[Event "Stay Safe Play From Home 151"]
[Site "T#646137Emanuel Laske"]
[Date "2020.05.17"]
[Round "8"]
[White "Indianquant"]
[Black "XShot"]
[Result "0-1"]
[WhiteElo "2265"]
[BlackElo "2459"]
[Annotator "RC"]
[PlyCount "40"]
[EventDate "2020.05.17"]
[EventType "swiss (blitz)"]
[TimeControl "60"]

1. Nf3 {[%emt 0:00:01]} c6 {[%emt 0:00:00]} 2. c4 {[%emt 0:00:01]} d5 {[%emt 0:00:00]} 3. d4 {[%emt 0:00:00]} Nf6 {[%emt 0:00:00]} 4. e3 {[%emt 0:00:00]} Bg4 {[%emt 0:00:01]} 5. Nbd2 {[%emt 0:00:01]} Bxf3 {[%emt 0:00:01]} 6. Qxf3 {[%emt 0:00:01]} e6 {[%emt 0:00:00]} 7. Bd3 {[%emt 0:00:01]} Nbd7 {[%emt 0:00:01]} 8. O-O {[%emt 0:00:00]} Bd6 {[%emt 0:00:01]} 9. Rd1 {[%emt 0:00:00]} O-O {[%emt 0:00:01]} 10. b3 {[%emt 0:00:00]} e5 {[%emt 0:00:01]} 11. cxd5 {[%emt 0:00:01]} cxd5 {[%emt 0:00:01]} 12. dxe5 {[%emt 0:00:01]} Nxe5 {[%emt 0:00:00]} 13. Qe2 {[%emt 0:00:00]} Nxd3 {[%emt 0:00:01]} 14. Qxd3 {[%emt 0:00:00]} Qc7 {[%emt 0:00:00]} 15. h3 {[%emt 0:00:01]} Be5 {[%emt 0:00:00]} 16. Rb1 {[%emt 0:00:02]} Rfd8 {[%emt 0:00:01]} 17. Bb2 {[%emt 0:00:01]} Rac8 {[%emt 0:00:01]} 18. Bxe5 {[%emt 0:00:02]} Qxe5 {[%emt 0:00:00]} 19. Nf3 {[%emt 0:00:00]} Qe4 {[%emt 0:00:01]} 20. Rbc1 {[%emt 0:00:00]} Rxc1 {[%emt 0:00:02] Indianquant resigns (Lag: Av=0.72s, max=1.3s)} 0-1

[Event "Stay Safe Play From Home 151"]
[Site "T#646137Emanuel Laske"]
[Date "2020.05.17"]
[Round "8"]
[White "Lazieri3"]
[Black "Parth11"]
[Result "1-0"]
[WhiteElo "2147"]
[BlackElo "1371"]
[Annotator "NA"]
[PlyCount "57"]
[EventDate "2020.05.17"]
[EventType "swiss (blitz)"]

1. e4 {[%emt 0:00:01]} b6 {[%emt 0:00:00]} 2. Nc3 {[%emt 0:00:00]} Bb7 {[%emt 0:00:00]} 3. d4 {[%emt 0:00:00]} e6 {[%emt 0:00:00]} 4. f3 {[%emt 0:00:01]} Ne7 {[%emt 0:00:00]} 5. Be3 {[%emt 0:00:01]} g6 {[%emt 0:00:00]} 6. Qd2 {[%emt 0:00:01]} Bg7 {[%emt 0:00:00]} 7. Bh6 {[%emt 0:00:01]} O-O {[%emt 0:00:01]} 8. h4 {[%emt 0:00:01]} f5 {[%emt 0:00:01]} 9. h5 {[%emt 0:00:01]} fxe4 {[%emt 0:00:01]} 10. hxg6 {[%emt 0:00:01]} Nf5 {[%emt 0:00:06]} 11. gxh7+ {[%emt 0:00:02]} Kh8 {[%emt 0:00:01]} 12. Bxg7+ {[%emt 0:00:01]} Nxg7 {[%emt 0:00:00]} 13. fxe4 {[%emt 0:00:02]} Qf6 {[%emt 0:00:01]} 14. Nf3 {[%emt 0:00:02]} c5 {[%emt 0:00:09]} 15. dxc5 {[%emt 0:00:01]} Na6 {[%emt 0:00:02]} 16. cxb6 {[%emt 0:00:02]} Nc5 {[%emt 0:00:02]} 17. Qd4 {[%emt 0:00:03]} Qf4 {[%emt 0:00:04]} 18. Ne2 {[%emt 0:00:02]} Qg4 {[%emt 0:00:10]} 19. Qxc5 {[%emt 0:00:02]} Bxe4 {[%emt 0:00:07]} 20. bxa7 {[%emt 0:00:01]} Bxf3 {[%emt 0:00:01]} 21. gxf3 {[%emt 0:00:00]} Qxf3 {[%emt 0:00:01]} 22. Rg1 {[%emt 0:00:02]} Rab8 {[%emt 0:00:04]} 23. axb8=Q {[%emt 0:00:01]} Rxb8 {[%emt 0:00:02]} 24. O-O-O {[%emt 0:00:05]} Kxh7 {[%emt 0:00:05]} 25. Rxg7+ {[%emt 0:00:03]} Kxg7 {[%emt 0:00:01]} 26. Qe5+ {[%emt 0:00:03]} Kf7 {[%emt 0:00:00]} 27. Qxb8 {[%emt 0:00:01]} Kf6 {[%emt 0:00:01]} 28. Qf4+ {[%emt 0:00:01]} Ke7 {[%emt 0:00:01]} 29. Qxf3 {[%emt 0:00:01] Time (Lag: Av=0.81s, max=1.3s)} 1-0

[Event "Stay Safe Play From Home 151"]
[Site "T#646137Emanuel Laske"]
[Date "2020.05.17"]
[Round "8"]
[White "SoulofWolf"]
[Black "Mepe_Nika"]
[Result "1/2-1/2"]
[WhiteElo "2112"]
[BlackElo "2318"]
[Annotator "TA"]
[PlyCount "142"]
[EventDate "2020.05.17"]
[EventType "swiss (blitz)"]

{[%evp 21,142,-2,-5,-10,0,0,0,-18,0,-17,-19,-221,-7,-6,0,-17,-15,-10,0,-30,-14,-74,-18,-56,-25,-74,-72,-143,-147,-137,-124,-127,-121,-116,-50,-100,0,-5,4,-57,-14,-97,-89,-97,-97,-131,-112,-202,-196,-200,-130,-162,-35,-120,-56,-37,-57,-45,-52,-52,-45,-53,-53,-157,331,331,287,306,285,285,277,27,275,8,8,8,14,0,8,0,8,-8,-8,-8,-8,-8,2449,5850,6491,6273,29965,12841,29987,29971,29973,29967,29971,29970,29973,29974,29970,11429,6518,5497,29970,29970,29971,29972,29987,29964,29948,12790,29990,5524,29990,29991,29991,29992,29992,29991,29992,29991,29991]} 1. d4 d5 2. Nf3 Nf6 3. c4 c6 4. Nc3 e6 5. cxd5 exd5 6. Bg5 Bf5 7. e3 Nbd7 8. Bd3 Bxd3 9. Qxd3 h6 10. Bh4 Be7 11. O-O O-O 12. Rae1 {[#] D35: Queen's Gambit Declined: Exchange Variation.} Ne8 $146 ({Predecessor:} 12... Re8 13. Nd2 Ne4 14. Bxe7 Qxe7 15. f3 Nxd2 16. Qxd2 Nb6 17. Qf2 Rad8 18. e4 dxe4 19. fxe4 Qd7 {½-½ (29) Lingur,Z (1986)-Ghukasyan,S (2106) Khanty-Mansiysk 2016}) 13. Bg3 Bd6 14. e4 {The position is equal.} Bxg3 15. hxg3 dxe4 16. Rxe4 $2 {[#]} (16. Qxe4 $11 Nef6 17. Qc2) 16... Nd6 $2 (16... Nc5 $1 $19 {[%cal Rc5d3][%mdl 512]} 17. Qc4 (17. dxc5 Qxd3) 17... Nxe4 18. Nxe4 Nd6 19. Nxd6 Qxd6) 17. Re2 $11 Nf6 18. Rfe1 Re8 19. Ne5 Qa5 20. b3 Nd5 21. Nb1 (21. Nxd5 $11 cxd5 22. Rc1) 21... Qc7 ({Black should try} 21... Re7 $17) 22. Qf3 Re6 23. Qg4 Rae8 24. Nc4 (24. Na3 $142) 24... Nf6 $1 $17 {[%cal Rf6g4]} 25. Qf3 Rxe2 26. Rxe2 Rxe2 27. Qxe2 Nf5 (27... Nb5 $1 $17 28. Qe5 Qd8) 28. Qe5 Qxe5 (28... Qd7 $1 $17 29. Nbd2 Nxd4) 29. dxe5 {[%mdl 4096] Endgame KNN-KNN} Nd5 30. Nbd2 (30. Na5 $11) 30... Nd4 31. Na5 (31. Nf3 $11 {keeps the balance.} Ne6 32. Na5) 31... b6 $1 {[%cal Rb6a5]} 32. Nac4 Kf8 33. Nd6 Ke7 34. N2c4 (34. Nf3 $17 Ne2+ 35. Kf1) 34... b5 35. Na5 a6 36. Nab7 Ne6 (36... Nb4 $19 37. Nc5 Nxa2) 37. Na5 ({Better is} 37. f4 $15) 37... f6 (37... Kd7 $17 38. Nxf7 Kc7) 38. Nxc6+ $15 Kd7 39. Nb8+ {[%mdl 64] Double Attack} Kc7 $1 40. Nxa6+ Kb6 41. Nb8 fxe5 42. Ne4 (42. Ne8 $1 $15) 42... Nf6 $2 (42... Nf8 $1 $17 {stays on course. White must now prevent ...b4.} 43. Nd6 b4) 43. Nxf6 $18 gxf6 {KN-KN} 44. Nd7+ {[%mdl 64] Double Attack} Ka5 45. Nxf6 Kb4 {[#]} 46. Ng4 $2 (46. a4 $1 $18) 46... e4 $2 {[#]} (46... Ka3 $11 {and Black has nothing to worry.}) 47. Kf1 $2 ({Less strong is} 47. Nxh6 Ka3 $16) (47. a4 $1 $18) 47... Ka3 $11 48. Ke2 {next b4 is good for White.} Kxa2 49. Ke3 {And now b4 would win.} Kxb3 50. Nxh6 Kc3 {White should prevent ...b4.} 51. Kxe4 b4 52. Nf5 b3 53. Ne3 b2 $2 {[%mdl 8192]} (53... Nc5+ $11 54. Kd5 Nd7) 54. Nd1+ $18 Kc4 55. Nxb2+ Kc5 56. Kf5 (56. g4 $142 Kd6 57. Nd3 Ke7 58. f4 Kf6 59. g5+ Ke7 60. Ke5 Nd8 61. f5 Nf7+ 62. Kf4) 56... Kc6 57. Nd3 Nd4+ 58. Ke4 Ne2 59. g4 Nc3+ 60. Ke5 Nb5 61. Kf5 (61. g5 $142 Kd7 62. f4 Nd6 63. g6 Ke7 64. g7 Nc4+ 65. Kf5 Kf7 66. Ne5+ {[%mdl 64] Double Attack} Kxg7 67. Nxc4) 61... Nc7 62. Ne5+ Kd5 63. g5 Nb5 64. Nf7 Nd6+ 65. Kf6 Ne4+ 66. Kg7 (66. Ke7 $142 Nc5 67. Nd8 Ne4 68. g6 Ke5 69. g4 Nxf2 70. g7 Kf4 71. g8=Q) 66... Nf6 67. g6 (67. gxf6 $142 Kc4 68. g4 Kd4 69. g5 Ke4 70. g6 Kd5 71. Ng5 Ke5 72. f7) 67... Kc6 68. Ne5+ {White mates.} Kb5 69. Kxf6 Ka4 70. Kf7 Ka3 71. Nc4+ Ka2 {[%mdl 32768] Both players deserved the win here. Accuracy: White = 44%, Black = 47%. . An unexpected result.} 1/2-1/2

[Event "Stay Safe Play From Home 151"]
[Site "T#646137Emanuel Laske"]
[Date "2020.05.17"]
[Round "8"]
[White "Weltszmerc"]
[Black "Don59as"]
[Result "1-0"]
[WhiteElo "2080"]
[BlackElo "2027"]
[Annotator "NA"]
[PlyCount "85"]
[EventDate "2020.05.17"]
[EventType "swiss (blitz)"]

1. d4 {[%emt 0:00:01]} d5 {[%emt 0:00:01]} 2. c4 {[%emt 0:00:00]} e5 {[%emt 0:00:01]} 3. Nf3 {[%emt 0:00:00]} dxc4 {[%emt 0:00:02]} 4. Nxe5 {[%emt 0:00:01]} Nf6 {[%emt 0:00:01]} 5. e3 {[%emt 0:00:01]} Be6 {[%emt 0:00:01]} 6. Nc3 {[%emt 0:00:02]} Be7 {[%emt 0:00:01]} 7. Bxc4 {[%emt 0:00:01]} Bxc4 {[%emt 0:00:02]} 8. Nxc4 {[%emt 0:00:01]} O-O {[%emt 0:00:00]} 9. O-O {[%emt 0:00:02]} Nbd7 {[%emt 0:00:01]} 10. b3 {[%emt 0:00:01]} c5 {[%emt 0:00:01]} 11. Bb2 {[%emt 0:00:01]} cxd4 {[%emt 0:00:01]} 12. exd4 {[%emt 0:00:00]} Nb6 {[%emt 0:00:01]} 13. Ne5 {[%emt 0:00:01]} Nbd5 {[%emt 0:00:01]} 14. Ne2 {[%emt 0:00:02]} Bd6 {[%emt 0:00:02]} 15. Rc1 {[%emt 0:00:02]} h6 {[%emt 0:00:01]} 16. Re1 {[%emt 0:00:01]} Re8 {[%emt 0:00:01]} 17. Ng3 {[%emt 0:00:01]} Qa5 {[%emt 0:00:02]} 18. Nf5 {[%emt 0:00:01]} Bf8 {[%emt 0:00:01]} 19. a3 {[%emt 0:00:02]} g6 {[%emt 0:00:01]} 20. b4 {[%emt 0:00:02]} Qd8 {[%emt 0:00:03]} 21. Ne3 {[%emt 0:00:02]} Bg7 {[%emt 0:00:01]} 22. N3c4 {[%emt 0:00:02]} b6 {[%emt 0:00:02]} 23. Qb3 {[%emt 0:00:02]} Rc8 {[%emt 0:00:06]} 24. b5 {[%emt 0:00:01]} Nd7 {[%emt 0:00:04]} 25. Nc6 {[%emt 0:00:04]} Qg5 {[%emt 0:00:02]} 26. Qg3 {[%emt 0:00:09]} Nf4 {[%emt 0:00:03]} 27. Qxg5 {[%emt 0:00:02]} hxg5 {[%emt 0:00:01]} 28. Ne7+ {[%emt 0:00:01]} Rxe7 {[%emt 0:00:01]} 29. Rxe7 {[%emt 0:00:02]} Nd3 {[%emt 0:00:00]} 30. Rxd7 {[%emt 0:00:03]} Nxb2 {[%emt 0:00:02]} 31. d5 {[%emt 0:00:06]} Nxc4 {[%emt 0:00:01]} 32. d6 {[%emt 0:00:00]} Rc5 {[%emt 0:00:03]} 33. Rc7 {[%emt 0:00:01]} Nxd6 {[%emt 0:00:03]} 34. R7xc5 {[%emt 0:00:01]} bxc5 {[%emt 0:00:00]} 35. Rxc5 {[%emt 0:00:00]} Nf5 {[%emt 0:00:01]} 36. Rc7 {[%emt 0:00:00]} Nd4 {[%emt 0:00:01]} 37. a4 {[%emt 0:00:00]} Be5 {[%emt 0:00:02]} 38. Rb7 {[%emt 0:00:00]} Ne2+ {[%emt 0:00:00]} 39. Kf1 {[%emt 0:00:01]} Nc3 {[%emt 0:00:02]} 40. Rxa7 {[%emt 0:00:00]} Bd4 {[%emt 0:00:00]} 41. b6 {[%emt 0:00:00]} Bxb6 {[%emt 0:00:01]} 42. Ra8+ {[%emt 0:00:00]} Kg7 {[%emt 0:00:01]} 43. a5 {[%emt 0:00:00] Time (Lag: Av=0.73s, max=1.0s)} 1-0